000 00587cam a22002291 4500
001 10247680
005 20180301032929.0
008 730921s1952 nyua 000 0 eng
010 _a 52008602
015 _aGB55-3560
035 _a(OCoLC)692737
040 _aDLC
_cOClU
_dOCoLC
_dUk
_dDLC
041 _aeng
042 _apremarc
080 _a651.75 FRA
082 _a651.75 FRA
100 1 _a58
101 _aBIZ
245 1 0 _aPractical business writing,
_cby L. E. Frailey and Edith L. Schnell.
906 _a7
_bcbc
_coclcrpl
_du
_encip
_f19
_gy-gencatlg
942 _2ddc
_cBK
999 _c43744
_d43744